Dinge mit G - Statistiken

Allgemein
  • Dieses Quiz wurde 179 mal gespielt
  • Das Durchschnittsergebnis liegt bei 21 aus 32
Antwortstatistiken
Bildquiz Antwort % Korrekt
Geist
100%
Griechenland
99%
Geodreieck
97%
Gewitter
97%
Gulasch
97%
Galgen
95%
Garten
95%
Giraffe
95%
Gelb
94%
Gurkensalat
94%
Gans
93%
Gerste
93%
Gabelstapler
92%
Game boy
86%
Gaumen
84%
Galle
83%
Gnocchi
81%
Ghostbusters
80%
Gelee
69%
Griffin
63%
Grey‘s Anatomy
62%
Gicht
52%
Ghettoblaster
48%
Grenzkontrolle
39%
Genf
33%
Granulat
33%
Gisele Bündchen
24%
Groschen
18%
Gonzo
17%
Glasperlenspiel
14%
G-Punkt
10%
Glycerin
3%
Keine übereinstimmenden Quizze gefunden
Verteilung der Resultate
Anzahl Personen mit jedem Resultat
Perzentil nach korrekt beantworteten Fragen
Ihre Resultats-Entwicklung
Sie haben dieses Quiz noch nicht gespielt